Modelo hidrodinámico para estimar la producción y el transporte de sedimentos en laderas
Guardado en:
| Hovedforfatter: | |
|---|---|
| Format: | Bog |
| Sprog: | Spanish |
| Udgivet: |
[San José], Costa Rica
2015
|
| Fag: | |
| Tags: |
Tilføj Tag
Ingen Tags, Vær først til at tagge denne postø!
|
MARC
| LEADER | 00000nam a22000007a 4500 | ||
|---|---|---|---|
| 003 | 012120 | ||
| 005 | 20221231143905.0 | ||
| 008 | 150327b2015 cr a|||| |||| 00| 0 spa d | ||
| 040 | |c cru CEDI | ||
| 090 | |a TFG 7285 | ||
| 100 | |9 682 |a Aguilar Cabrera, Carlos Andrés | ||
| 245 | |a Modelo hidrodinámico para estimar la producción y el transporte de sedimentos en laderas | ||
| 260 | |a [San José], Costa Rica |c 2015 | ||
| 500 | |a Proyecto de graduación (licenciatura en ingeniería civil)--Universidad de Costa Rica. Facultad de Ingeniería. Escuela de Ingeniería Civil | ||
| 650 | |x HIDRODINAMICA |x MODELOS MATEMATICOS |x TRANSPORTE DE SEDIMENTOS |x SEDIMENTACION |9 683 | ||
| 942 | |c TFG | ||
| 999 | |c 13800 |d 13800 | ||
